000 01212nam a22003737a 4500
003 CHAP
005 20220817042339.0
008 971013s1977 r 00010 d
010 _a41615
011 _a42587
035 _a46716
040 _cCHAP
090 _aTesis
100 0 0 _aEquihua Posas, Ernesto Alonso.
_937255
245 _aControl químico del nemátodo Nacobbus sp. Thorne y Allen, en cultivo de chile
260 _aChapingo, Méx. :
_bEl autor,
_c1977
300 _a54 h.
502 _aTesis (Ing. Agr. Esp. en Parasitología) -- ENA. Departamento de Parasitología
590 _aALEPH
_b10
_c20130110
590 _aBATCH-UPD
_b10
_c20130110
590 _aBATCH-UPD
_b10
_c20130410
590 _aBATCH-UPD
_b10
_c20130914
590 _aCONVERSION
_b10
_c20130109
650 1 4 _aChile (Botánica)
_xEnfermedades por nemátodos.
_922355
650 1 4 _aJicamilla del chile.
_961431
650 1 4 _aNacobbus.
_980021
650 1 4 _aNematicidas.
_980808
650 1 4 _aNemátodos parásitos de plantas.
901 _aBK
942 _cFOLL
_2ddc
949 _bBC
_cTES
_d-106449
_eTS1
_i46716
_si
949 _bBC
_cTES
_d-106450
_eTS2
_fc.2
_i46716
_si
949 _bBC
_cTES
_d-106451
_eTS2
_fc.3
_i46716
_si
999 _c41615
_d41615